| 000 | 00970nam a2200277Ia 4500 | ||
|---|---|---|---|
| 005 | 20220316235738.0 | ||
| 008 | 121119s2001 mx a gr 000 0 spa | ||
| 020 | _a9706252487 | ||
| 041 | 0 | _aspa | |
| 082 | 0 | 4 |
_a635.21 _bC25c |
| 110 | 2 |
_aCentro de Estudios Agropecuarios _97189 |
|
| 245 | 1 | 0 |
_aCultivo de la papa _cCentro de Estudios Agropecuarios ; editor responsable, Nicolás Grepe Philp |
| 250 | _aPrimera edición | ||
| 300 |
_a81 páginas _bilustraciones _c22 cm |
||
| 490 | 0 | _aSerie agronegocios | |
| 650 | 1 | 4 |
_aPapas (tubérculos) _xCultivo _2LEMB |
| 650 | 1 | 4 |
_aPapas (tubérculos) _xEnfermedades _2LEMB |
| 650 | 1 | 4 |
_aPapas (Tubérculos) _xAlmacenamiento _2LEMB |
| 700 | 1 |
_aGrepe Philp, Nicolás _eeditor _934034 |
|
| 942 |
_2ddc _cBK |
||
| 264 |
_aMéxico _bGrupo Editorial Iberoamérica _c2001 |
||
| 336 |
_atexto _btxt _2rdacontent |
||
| 337 |
_asin mediación _bn _2rdamedia |
||
| 338 |
_avolumen _bnc _2rdacarrier |
||
| 040 |
_aCO-BoRNBP _bspa _erda _cCO-BoRNBP |
||
| 999 |
_c2024 _d2024 |
||